Ο ανυποψίαστος ανθρωπολόγος : σημειώσεις σε μια χωμάτινη καλύβα
Αποθηκεύτηκε σε:
| Κύριος συγγραφέας: | |
|---|---|
| Άλλοι συγγραφείς: | , , |
| Μορφή: | Βιβλίο |
| Γλώσσα: | Greek English |
| Δημοσίευση: |
Αθήνα :
Αιώρα,
2005.
|
| Θέματα: | |
| Ετικέτες: |
Προσθήκη ετικέτας
Δεν υπάρχουν, Καταχωρήστε ετικέτα πρώτοι!
|
MARC
| LEADER | 00000nam a2200000 i 4500 | ||
|---|---|---|---|
| 001 | 1/34821 | ||
| 008 | 130821r19832005gr | ||| |||| ||gre|| | ||
| 020 | |a 9607872231 | ||
| 035 | |l 10115347 | ||
| 040 | |a GR-MY-UA |b gre |e aacr | ||
| 041 | 1 | |a gre |h eng | |
| 082 | 0 | |a 306.089963 |2 (22) | |
| 100 | 1 | |a Barley, Nigel. | |
| 245 | 1 | 2 | |a Ο ανυποψίαστος ανθρωπολόγος : |b σημειώσεις σε μια χωμάτινη καλύβα / |c Nigel Barley ; μετάφραση: Γιώργος Σεφερλής ; επιμέλεια: Μαργαρίτα Μπονάτσου, Αρετή Μπουκάλα. |
| 260 | |a Αθήνα : |b Αιώρα, |c 2005. | ||
| 300 | |a 308 σ. ; |c 21 εκ. | ||
| 500 | |a Μετάφραση του: The innocent anthropologist: notes from a mud hut. | ||
| 600 | 1 | 0 | |a Barley Nigel. |
| 650 | 0 | 0 | |a Doyayo (African people) |
| 650 | 0 | 0 | |a Ethnology |x Fieldwork. |
| 650 | 0 | 0 | |a Ethnologists |x Biography. |
| 700 | 1 | |a Σεφερλής, Γιώργος, |e trl | |
| 700 | 1 | |a Μπονάτσου, Μαργαρίτα, |e edt | |
| 700 | 1 | |a Μπουκάλα, Αρετή, |e edtf | |
| 852 | |a INST |b LESVOS |c EUDOXUS |e 20130821 |h 306.089963 BAR |p 005100053107 |q 005100053107 |t EDX |y 0 | ||
| 852 | |a INST |b LESVOS |c EUDOXUS |e 20150513 |h 306.089963 BAR |p 005100056554 |q 005100056554 |t EDX |y 0 | ||
| 852 | |a INST |b RHODES |c EUDOXUS |e 20180523 |h 306.089963 BAR |p 005400040083 |q 005400040083 |t EDX |y 0 | ||
| 901 | |a BIBL1-2013-2 | ||
| 920 | |a Εύδοξος |b Παραγγελία |y Ρόδος-ΠΤΔΕ |z 2018-04 | ||
| 909 | |a Λ |b 179105 | ||
| 920 | |a ΕΥΔΟΞΟΣ |b ΕΠΙΣΤΡΟΦΗ |y Λέσβος |z 2013-04 | ||
| 970 | |a ΤΖΑΦΕΡΗ |b ΕΥΑΓΓΕΛΙΑ |z 2013/08/22 | ||